000 00760nam a2200229Ii 4500
003 JO-AjNU
008 230605s9999||||xx |||||||||||||| ||und||
017 _a2009/9/4198
020 _a978-9957-414-82-5
040 _aJO-AjNU
_bara
_erda
_cJO-AjNU
041 _aara
050 1 4 _aDS121.4.M363 2009
100 3 _aتاليف المناصرة، عز الدين,
_eauthor
_933578
245 0 0 _aفلسطين الكنعانية: قراءة جديدة في تاريخ فلسطين القديم
250 _aط1
264 3 1 _aعمان: دار البركة، 2009
300 _a425ص
336 _atext
_btxt
_2rdacontent
337 _aunmediated
_bn
_2rdamedia
338 _avolume
_bnc
_2rdacarrier
650 4 _aفلسطين- تاريخ فلسطين
_933579
999 _aA13682
_c17250
_d17250